Administración de ventas / (Registro nro. 10366)

Detalles MARC
000 -LIDER
fixed length control field 01198nam a22003491 4500
001 - NÚMERO DE CONTROL
Identificador de número de control 001008756
003 - IDENTIFICACDOR DE NÚMERO DE CONTROL
control field DO-SdBPM
005 - DATE AND TIME OF LATEST TRANSACTION
control field 20250407084935.0
007 - CAMPOS FIJOS DE DESCRIPCIÓN FÍSICA
fixed length control field 001008756
008 - ELEMENTOS DE LONGITUD FIJA
fixed length control field 920725s2006 mx spa
020 ## - ISBN
International Standard Book Number 9701006732
035 ## - NÚMERO LOCAL
System control number
040 ## - FUENTE DE CATALOGACIÓN
Agencia que crea de manera original el registro DO-SdBPM
Idioma de catalogación spa
Agencia que realiza la transcripción BPMSU
082 #4 - NÚMERO DE CLASIFICACIÓN DECIMAL DE DEWEY
Classification number 658.81
Item number A545a 2006
Edition number 22
100 1# - ASIENTO PRINCIPAL -- NOMBRE PERSONAL
Nombre personal Anderson, Rolph E.
240 10 - TITULO UNIFORME
Título uniforme Professional sales managemnet.
245 10 - MENCIÓN DE TITULO
Título Administración de ventas /
Medio (Designación general de material)
Mención de responsabilidad Rolph E. Anderson, Joseph F. Hair, Alan J. Bush ; traducción María Guadalupe Cevallos Almada, Julia Cevallos Almada ; revisión técnica Ezequiel Teyssier Mont.
250 ## - MENCIÓN DE EDICION
Mención de edición 2a. ed.
260 ## - PUBLICACIÓN, DISTRIBUCIÓN, ETC. (PIE DE IMPRENTA)
Lugar de publicación, distribución, etc México :
Nombre del editor, distribuidor, etc. MCGrawHil,
Fecha de publicación, distribución, etc 2006
300 ## - DESCRIPCIÓN FÍSICA
Extensión xviii, 688 p. :
Otros detalles físicos il. ;
Dimensiones 26 cm.
590 ## - NOTA LOCAL
Texto de la nota local Inventariado, 2025/VM
650 #4 - ENCABEZAMIENTO DE MATERIA--TEMÁTICO
Término temático o nombre geográfico como elemento de entrada Administración de ventas.
Fuente del encabezamiento o término
650 #4 - ENCABEZAMIENTO DE MATERIA--TEMÁTICO
Término temático o nombre geográfico como elemento de entrada Promoción de ventas.
650 #4 - ENCABEZAMIENTO DE MATERIA--TEMÁTICO
Término temático o nombre geográfico como elemento de entrada Vendedores y arte de vender.
650 #7 - ENCABEZAMIENTO DE MATERIA--TEMÁTICO
Término temático o nombre geográfico como elemento de entrada Técnicas de ventas.
700 1# - ASIENTO SECUNDARIO -- NOMBRE PERSONAL
Nombre personal Ceballos Almada, María Guadalupe
Mención de responsabilidad traductor
700 1# - ASIENTO SECUNDARIO -- NOMBRE PERSONAL
Nombre personal Cevallos Almada, Julia
Mención de responsabilidad traductor
700 1# - ASIENTO SECUNDARIO -- NOMBRE PERSONAL
Nombre personal Hair, Joseph F.
Mención de responsabilidad
700 1# - ASIENTO SECUNDARIO -- NOMBRE PERSONAL
Nombre personal Bush, Alan J.
Mención de responsabilidad
910 ## - VALIDACIÓN
Validación VMateo V. Control de calidad. BPMSU
942 ## - ADDED ENTRY ELEMENTS (KOHA)
Source of classification or shelving scheme Dewey Decimal Classification
Koha item type Libros
Existencias
Withdrawn status Lost status Source of classification or shelving scheme Damaged status Not for loan Collection code Home library Current library Date acquired Source of acquisition Total Checkouts Full call number Barcode Date last seen Price effective from Koha item type
    Dewey Decimal Classification       Biblioteca Pública Metropolitana Salomé Ureña Biblioteca Pública Metropolitana Salomé Ureña 06/13/2016 Doado por Laura García   658.81 BPMET16060166 06/13/2016 06/13/2016 Libros
    Dewey Decimal Classification     Colección General Biblioteca Pública Metropolitana Salomé Ureña Biblioteca Pública Metropolitana Salomé Ureña 06/13/2016 Laura García   BPMSU CG 658.81 A545a 2006 BPMSU25040030 06/13/2016 06/13/2016 Libros